Statistics for Six Letter Geography #3

Click here to take the quiz!

General Stats

  • This quiz has been taken 60,868 times
  • The average score is 15 of 24

Answer Stats

DescriptionAnswer% Correct
Biggest country by land areaRussia
99%
Capital of the aboveMoscow
96%
Capital of SpainMadrid
92%
The 50th U.S. stateHawaii
89%
Italy's city of canalsVenice
88%
Capital of CanadaOttawa
87%
Capital of IranTehran
77%
Sea bordering Estonia, Latvia, and LithuaniaBaltic
72%
Chinese river also called Huang He Yellow
70%
Peninsula seized by Russia in 2014Crimea
68%
Small Asian country led by a sultanBrunei
63%
Country where genocide happened in 1994Rwanda
62%
Capital of AlaskaJuneau
61%
"Mile High" city in the U.S.Denver
60%
Gallic countryFrance
56%
River on Israel's eastern borderJordan
52%
Yucatan resort cityCancun
51%
Over 500 million live in the basin of this riverGanges
48%
Said to be where Noah's ark landedMt. {Ararat}
45%
Canada's largest islandBaffin
42%
Indochina's longest riverMekong
40%
City once called the Paris of the Middle EastBeirut
38%
Country where the Vistula River flowsPoland
33%
Largest island of the P.R.C.Hainan
22%

Score Distribution

Percentile by Number Answered

Percent of People with Each Score

Your Score History

You have not taken this quiz